[Event "Dresden ZMDI Blitz"]
[Site "Dresden"]
[Date "2011.08.11"]
[Round "6"]
[White "Bruemmel, Arend"]
[Black "Schulz, Manfred1"]
[Result "1-0"]
[WhiteElo "2063"]
[BlackElo "1921"]
[PlyCount "126"]
[EventDate "2011.08.06"]
[EventType "swiss (blitz)"]
[EventRounds "9"]
[EventCountry "GER"]
[SourceTitle "EXT 2022"]
[Source "ChessBase"]
[SourceDate "2021.10.06"]
[SourceVersion "1"]
[SourceVersionDate "2021.10.06"]
[SourceQuality "1"]

1. d4 g6 2. c4 Bg7 3. Nf3 f5 4. g3 Nf6 5. Nc3 d6 6. Bg2 0-0 7. 0-0 Qe8 8. b3 c6 9. Ba3 Na6 10. Re1 b5 11. cxb5 cxb5 12. Ng5 Rb8 13. Nd5 Nxd5 14. Bxd5+ e6 15. Bg2 b4 16. Bb2 h6 17. Nf3 Nc5 18. dxc5 Bxb2 19. Qxd6 Bb7 20. Rad1 Bd5 21. Nd4 Rd8 22. Qe5 Qf7 23. e3 Bc3 24. Rf1 Rc8 25. Bxd5 exd5 26. Qf4 Rxc5 27. Qxh6 Ra5 28. Ne2 Bg7 29. Qf4 Rxa2 30. Nc1 Rc2 31. Qxb4 Rfc8 32. Nd3 R8c3 33. Nf4 d4 34. exd4 Rxb3 35. Qd6 Rb6 36. Qd8+ Kh7 37. d5 Bf6 38. Qa8 g5 39. Ne6 Rd6 40. Ra1 Rd7 41. Nf8+ Kg7 42. Nxd7 Bxa1 43. Rxa1 Qxd7 44. Rxa7 Rc7 45. Rxc7 Qxc7 46. Qc6 Qe5 47. d6 Kf6 48. h3 g4 49. h4 Qe1+ 50. Kg2 Qd1 51. d7+ Ke7 52. Qc5+ Kxd7 53. Qxf5+ Ke7 54. h5 Qa4 55. Kh2 Qd4 56. h6 Qb6 57. Qf4 Qg6 58. Kg2 Qc6+ 59. Kg1 Qg6 60. h7 Qg7 61. Qc7+ Kf8 62. Qd8+ Kf7 63. h8Q Qh6 1-0

[Event "Dresden ZMDI Blitz"]
[Site "Dresden"]
[Date "2011.08.08"]
[Round "3"]
[White "Jacob, Tobias"]
[Black "Bruemmel, Arend"]
[Result "0-1"]
[WhiteElo "1950"]
[BlackElo "2063"]
[PlyCount "72"]
[EventDate "2011.08.06"]
[EventType "swiss (blitz)"]
[EventRounds "9"]
[EventCountry "GER"]
[SourceTitle "EXT 2022"]
[Source "ChessBase"]
[SourceDate "2021.10.06"]
[SourceVersion "1"]
[SourceVersionDate "2021.10.06"]
[SourceQuality "1"]

1. e4 c5 2. Nf3 d6 3. d4 cxd4 4. Nxd4 Nf6 5. Nc3 a6 6. Bg5 e6 7. f4 Nbd7 8. Qf3 Qc7 9. g4 b5 10. Bxf6 Nxf6 11. Bd3 b4 12. Nce2 Bb7 13. 0-0-0 Rc8 14. Rhe1 Nd7 15. Ng3 e5 16. Ndf5 g6 17. Ne3 exf4 18. Qxf4 Bg7 19. Bc4 Ne5 20. Bb3 0-0 21. h4 a5 22. h5 d5 23. Kb1 a4 24. Bxd5 Bxd5 25. exd5 a3 26. h6 Bxh6 27. Qxh6 Nxg4 28. Qg5 Nxe3 29. Rd2 Nc4 30. Rf2 axb2 31. Ne4 f5 32. Nf6+ Kh8 33. Qh4 Na3+ 34. Kxb2 Qc3+ 35. Kc1 Qxe1+ 36. Kb2 Qb1# 0-1

[Event "Dresden ZMDI Blitz"]
[Site "Dresden"]
[Date "2011.08.06"]
[Round "1"]
[White "Langer, Wolfgang3"]
[Black "Bruemmel, Arend"]
[Result "0-1"]
[WhiteElo "1917"]
[BlackElo "2063"]
[PlyCount "84"]
[EventDate "2011.08.06"]
[EventType "swiss (blitz)"]
[EventRounds "9"]
[EventCountry "GER"]
[SourceTitle "EXT 2022"]
[Source "ChessBase"]
[SourceDate "2021.10.06"]
[SourceVersion "1"]
[SourceVersionDate "2021.10.06"]
[SourceQuality "1"]

1. d4 Nf6 2. c4 g6 3. Nc3 d5 4. cxd5 Nxd5 5. e4 Nxc3 6. bxc3 Bg7 7. Bd3 0-0 8. Bc4 c5 9. Ne2 cxd4 10. cxd4 Qa5+ 11. Bd2 Qh5 12. Rb1 Nc6 13. Rb5 Qg4 14. Be3 Qxg2 15. Ng3 Qh3 16. Bf1 Qd7 17. e5 Rd8 18. Bg2 Qe6 19. f4 Qc4 20. Rb2 Nb4 21. Bf1 Qc3+ 22. Qd2 Qxd2+ 23. Kxd2 Nd5 24. Bg2 b6 25. Rc1 Be6 26. Rbc2 f6 27. Ke2 Bh6 28. Bxd5 Bxd5 29. f5 Bxe3 30. Kxe3 fxe5 31. dxe5 Rd7 32. a3 gxf5 33. Nxf5 Rad8 34. Rg1+ Kh8 35. Rf2 Be6 36. Kf4 Rc7 37. Rg5 Rd3 38. Ke4 Rdd7 39. Nh6 Rc4+ 40. Ke3 Rc3+ 41. Ke4 Bd5+ 42. Kd4 Rxa3 0-1

[Event "Lueneburg distr-ch Meisterturnier"]
[Site "Buchholz in der Nordheide"]
[Date "2007.10.30"]
[Round "5"]
[White "Bruemmel, Arend"]
[Black "Graetsch, Andreas"]
[Result "1/2-1/2"]
[WhiteElo "2107"]
[BlackElo "1909"]
[PlyCount "55"]
[EventDate "2007.10.27"]
[EventType "tourn"]
[EventRounds "9"]
[EventCountry "GER"]
[SourceTitle "EXT 2015"]
[Source "ChessBase"]
[SourceDate "2014.11.20"]
[SourceVersion "1"]
[SourceVersionDate "2014.11.20"]
[SourceQuality "1"]

1. d4 d5 2. c4 e6 3. Nc3 Nf6 4. cxd5 exd5 5. Bg5 Be7 6. e3 0-0 7. Qc2 c6 8. Bd3 Nbd7 9. Nf3 Re8 10. 0-0 Nf8 11. h3 Ne4 12. Bf4 Nf6 13. Bh2 Ng6 14. Ne5 Bd6 15. f4 Nd7 16. Kh1 Ndf8 17. Bg1 Nd7 18. Rae1 Nf6 19. g4 Bb4 20. Re2 Bxc3 21. bxc3 Ne4 22. Bh2 Qh4 23. Rf3 f6 24. Nxg6 hxg6 25. Qb3 b6 26. Kg2 f5 27. g5 Kf7 28. Bg3 1/2-1/2

[Event "Lueneburg distr-ch Meisterturnier"]
[Site "Buchholz in der Nordheide"]
[Date "2007.10.29"]
[Round "3"]
[White "Guennigmann, Manuel"]
[Black "Bruemmel, Arend"]
[Result "1-0"]
[WhiteElo "1945"]
[BlackElo "2107"]
[PlyCount "66"]
[EventDate "2007.10.27"]
[EventType "tourn"]
[EventRounds "9"]
[EventCountry "GER"]
[SourceTitle "EXT 2015"]
[Source "ChessBase"]
[SourceDate "2014.11.20"]
[SourceVersion "1"]
[SourceVersionDate "2014.11.20"]
[SourceQuality "1"]

1. e4 c5 2. Nf3 d6 3. Bb5+ Nd7 4. d4 cxd4 5. Qxd4 e5 6. Qd3 Be7 7. Nc3 Ngf6 8. Be3 0-0 9. 0-0 Qc7 10. Bxd7 Qxd7 11. Bg5 Rd8 12. Bxf6 Bxf6 13. Nd5 Be7 14. Rfd1 Bf8 15. a4 Qc6 16. a5 Bd7 17. c4 Rdc8 18. Rdc1 Be6 19. Nd2 Qd7 20. b4 Be7 21. Rc2 Bd8 22. Nb3 b5 23. c5 f5 24. f3 fxe4 25. fxe4 Be7 26. c6 Qe8 27. Qxb5 Rab8 28. Qc4 a6 29. Qxa6 Bxd5 30. exd5 Rxb4 31. Qd3 e4 32. Qc3 Rbb8 33. c7 Bf6 1-0

[Event "Norderstedt op 5th"]
[Site "Norderstedt"]
[Date "2005.03.28"]
[Round "7.13"]
[White "Smolkina, Milana"]
[Black "Bruemmel, Arend"]
[Result "0-1"]
[WhiteElo "1736"]
[BlackElo "2133"]
[PlyCount "62"]
[EventDate "2005.03.27"]
[EventType "swiss"]
[EventRounds "7"]
[EventCountry "GER"]
[SourceTitle "EXT 2006"]
[Source "ChessBase"]
[SourceDate "2005.11.24"]
[SourceVersion "1"]
[SourceVersionDate "2005.11.24"]
[SourceQuality "1"]

1. e4 c5 2. Nf3 e6 3. d4 cxd4 4. Nxd4 a6 5. c4 Nc6 6. Nc3 Bb4 7. Nxc6 bxc6 8. Bd3 Ne7 9. 0-0 0-0 10. a3 Ba5 11. Bf4 d6 12. Qe2 e5 13. Bg5 Bxc3 14. bxc3 f6 15. Be3 c5 16. Rab1 Bd7 17. Qd2 Qc7 18. Rb2 Rfb8 19. Rfb1 Nc6 20. Be2 Rxb2 21. Rxb2 Be6 22. Rb1 Kf7 23. Rd1 Ke7 24. f4 Rb8 25. fxe5 Nxe5 26. Bf4 Rb3 27. Qa2 Qb6 28. Bxe5 dxe5 29. Qa1 Rb2 30. Bd3 Qb3 31. Qc1 Ra2 0-1